000 00632nam a22002297a 4500
003 KOHA_MİRAKIL
005 20260407082321.0
008 260401b tu ||||| |||| 00| 0 tur d
020 _a9789755330723
040 _aTR-AnABB
_btur
_cTR-AnABB
041 _atur
082 _a070.4
_bTOK 2006
100 1 _aTokgöz, Oya
245 1 0 _aTemel gazetecilik /
_cOya Tokgöz
250 _a14. baskı
260 _aAnkara :
_bİmge Kitabevi,
_c2019
300 _a442 sayfa :
_c20 cm
500 _aKaynakça vardır.
650 0 4 _aGazetecilik ve Haber Medyası
900 _bCan ÇELIK
942 _2ddc
_cBK
999 _c10136
_d10136